000
00275nam a22001097a 4500
008
160613b xxu||||| |||| 00| 0 eng d
020
_a
0683060511
041
_a
eng
080
_a
618.2
245
_a
Case studies in critical care nursing:
_c
Barbara Clark Mims;
942
_2
udc
_c
BK
999
_c
2489
_d
2489